000 00300nam a2200121Ia 4500
005 20260328101446.0
008 260328s9999||||xx |||||||||||||| ||und||
100 _aGaleria Arte Ambiente
245 0 _aPicasso /
_cGaleria Arte Ambiente
260 _bGaleria Arte Ambiente
650 _aARTE
942 _cBK
999 _c8465
_d8465